[Event "85th ch-St Petersburg SF"]
[Site "St Petersburg RUS"]
[Date "2012.02.01"]
[Round "5.13"]
[White "Vorobjev,D"]
[Black "Dubovsky,A"]
[Result "1/2-1/2"]
[WhiteElo "2223"]
[BlackElo "1976"]
[WhiteFideId "24112178"]
[BlackFideId "4168747"]
[EventDate "2012.01.28"]

1. e4 e6 2. d4 d5 3. Nc3 Bb4 4. e5 c5 5. a3 Ba5 6. b4 cxd4 7. Nb5 Bc7 8. f4 Ne7
9. Nf3 Nbc6 10. Bd3 a6 11. Nxc7+ Qxc7 12. O-O Nf5 13. Qe2 Qb6 14. Bb2 Bd7 15.
Qf2 Ne3 16. Rfe1 Rc8 17. h3 Qa7 18. Nxd4 Nxd4 19. Qxe3 Nb5 20. Qxa7 Nxa7 21. Bd4
Nb5 22. Bc5 Nc3 23. Re3 Na4 24. Bd4 O-O 25. Rf1 Rc7 26. Rg3 g6 27. Rgf3 Rfc8 28.
g4 Nc3 29. Bc5 Ne4 30. Bxe4 dxe4 31. Re3 b6 32. Bxb6 Rxc2 33. Bc5 Bb5 34. Rf2
Rc1+ 35. Kh2 Bd3 36. Ra2 Rf1 37. Kg3 h5 38. Rf2 Rg1+ 39. Kh2 Ra1 40. f5 hxg4 41.
hxg4 Kg7 42. Rh3 Rf1 43. f6+ Kg8 44. Rxf1 Bxf1 45. Rh4 Bd3 46. g5 Ra8 47. Kg1
Rc8 48. Kf2 Ra8 49. Ke3 Rc8 50. Rh1 Ra8 51. Rc1 Rc8 52. Kd4 Rc6 53. Rh1 Rc8 54.
Rh4 Rd8+ 55. Ke3 Rc8 56. Rxe4 Bxe4 57. Kxe4 Rd8 58. Bd6 Rc8 59. Kd3 Rc1 60. a4
Rd1+ 61. Kc2 Ra1 62. b5 axb5 63. axb5 Ra5 64. b6 Rb5 65. Bc7 Kf8 66. Kc3 Ke8 67.
Kc4 Rb1 68. Kc5 Kd7 69. Bd6 Rb3 70. Bc7 Rb1 71. Bd6 1/2-1/2

[Event "85th ch-St Petersburg SF"]
[Site "St Petersburg RUS"]
[Date "2012.02.01"]
[Round "5.14"]
[White "Panov,Ivan"]
[Black "Vlasov,Eg"]
[Result "1-0"]
[WhiteElo "2006"]
[BlackElo "2287"]
[WhiteFideId "24177750"]
[BlackFideId "4146360"]
[EventDate "2012.01.28"]

1. e4 b6 2. d4 e6 3. Nf3 Bb7 4. Bd3 d5 5. e5 c5 6. c3 Nc6 7. O-O Qc7 8. a3 c4 9.
Bc2 O-O-O 10. Nbd2 f6 11. exf6 gxf6 12. Re1 e5 13. dxe5 fxe5 14. Ng5 Qd7 15. Qf3
Nh6 16. Qh3 Ng4 17. Nf1 Bc5 18. Ne3 Bxe3 19. fxe3 Rhg8 20. Qh5 e4 21. Rf1 Nge5
22. Bd2 Qg7 23. Qh3+ Kb8 24. Ne6 Bc8 25. Nxg7 Bxh3 26. gxh3 Rxg7+ 27. Kh1 Rdg8
28. Be1 Nf3 29. Bg3+ Kb7 30. Rad1 Ne7 31. b3 cxb3 32. Bxb3 Kc6 33. c4 Rd8 34.
Ba4+ Kb7 35. cxd5 Rxd5 36. Bc2 Ng5 37. h4 Rc5 38. Rd2 Rxc2 39. Rxc2 Nf3 40. Rc7+
Ka6 41. Rd1 Nf5 42. Rxg7 Nxg7 43. Rd5 Ne8 44. Rd7 Nf6 45. Re7 Nd2 46. Bb8 h5 47.
Rxa7+ Kb5 48. Rf7 Ng4 49. Bf4 Kc4 50. h3 Nf2+ 51. Kg2 Nd3 52. Rf5 Nb1 53. Bd6
Nc3 54. Kf1 Nd5 55. Ke2 Nc1+ 56. Kd2 Nb3+ 57. Ke2 Nc1+ 58. Ke1 Nxe3 59. Rxh5 Kd3
60. Rg5 Ne2 61. h5 Nd4 62. Rg3 Nf5 63. h6 Nxd6 64. h7 Nf7 65. Kf2 1-0

[Event "85th ch-St Petersburg SF"]
[Site "St Petersburg RUS"]
[Date "2012.02.01"]
[Round "5.15"]
[White "Skvortsov,Alexander"]
[Black "Gorjunov,S2"]
[Result "1-0"]
[WhiteElo "2169"]
[BlackElo "2088"]
[WhiteFideId "24170038"]
[BlackFideId "4166590"]
[EventDate "2012.01.28"]

1. e4 c5 2. Nf3 d6 3. d4 cxd4 4. Nxd4 Nf6 5. Nc3 g6 6. Be3 Bg7 7. f3 O-O 8. Qd2
Nc6 9. Bc4 Bd7 10. O-O-O Qa5 11. Bb3 Rfc8 12. Kb1 Ne5 13. h4 Nc4 14. Bxc4 Rxc4
15. Nb3 Qa6 16. e5 Rxc3 17. Qxc3 Rc8 18. Qd2 Ne8 19. Nc5 Rxc5 20. Bxc5 Be6 21.
Ba3 Bxe5 22. h5 Nc7 23. hxg6 fxg6 24. Rde1 Qb5 25. b3 Bf6 26. Bb2 Qf5 27. g4
Qxf3 28. Qh6 1-0

[Event "85th ch-St Petersburg SF"]
[Site "St Petersburg RUS"]
[Date "2012.02.01"]
[Round "5.16"]
[White "Gorbatenko,A"]
[Black "Sheynin,I"]
[Result "1-0"]
[WhiteElo "2082"]
[BlackElo "2093"]
[WhiteFideId "4145976"]
[BlackFideId "4186230"]
[EventDate "2012.01.28"]

1. d4 Nf6 2. Nf3 c5 3. e3 e6 4. c4 cxd4 5. exd4 d5 6. Nc3 Nc6 7. h3 Be7 8. Be3
a6 9. a3 O-O 10. Rc1 dxc4 11. Bxc4 b5 12. Ba2 Bb7 13. O-O b4 14. axb4 Nxb4 15.
Bb1 Nbd5 16. Bg5 Qb6 17. Qc2 Nb4 18. Qe2 Rad8 19. Be3 Nbd5 20. Ne5 Rc8 21. Qc2
g6 22. Qe2 Rfd8 23. Rfd1 Qb3 24. Ba2 Qb4 25. Nxd5 Nxd5 26. Rxc8 Rxc8 27. Bxd5
Bxd5 28. Qxa6 Ra8 29. Qe2 Rb8 30. Bc1 Qb7 31. Qg4 Bf6 32. Qf4 Qe7 33. Nxg6 hxg6
34. Qxb8+ Kg7 35. Bf4 Qd7 36. Be5 Bxe5 37. Qxe5+ f6 38. Qe3 Qb7 39. Rc1 g5 40.
Qc3 Kh6 41. f3 Qb5 42. Kf2 Qb6 43. h4 g4 44. fxg4 Qb7 45. Qe3+ Kg7 46. Qc3 Kg6
47. h5+ Kh6 48. Qe3+ Kh7 49. b3 Qa7 50. Rc2 Qb8 51. Qg3 1-0

[Event "85th ch-St Petersburg SF"]
[Site "St Petersburg RUS"]
[Date "2012.02.01"]
[Round "5.17"]
[White "Korennoi,V"]
[Black "Kuzmin,E"]
[Result "1-0"]
[WhiteElo "2251"]
[BlackElo "2132"]
[WhiteFideId "24110140"]
[BlackFideId "24101737"]
[EventDate "2012.01.28"]

1. d4 d5 2. c4 e6 3. Nc3 Nf6 4. cxd5 exd5 5. Bg5 Be7 6. Qc2 c6 7. e3 O-O 8. Bd3
Nbd7 9. Nge2 Re8 10. O-O Nf8 11. f3 h6 12. Bh4 Ne6 13. Rad1 b6 14. Kh1 Bb7 15.
e4 dxe4 16. fxe4 Ng4 17. Bf2 Nxf2+ 18. Rxf2 Bg5 19. d5 cxd5 20. exd5 Nf8 21. d6
Be3 22. Rff1 Rc8 23. d7 Nxd7 24. Bh7+ Kh8 25. Rxf7 Qg5 26. Ng3 Nf6 27. Rxb7 Nxh7
28. Nf5 Rf8 29. Ne7 Rcd8 30. Rxd8 Rxd8 31. Ng6+ 1-0

[Event "85th ch-St Petersburg SF"]
[Site "St Petersburg RUS"]
[Date "2012.02.02"]
[Round "6.1"]
[White "Malakhov,I"]
[Black "Rozum,I"]
[Result "1/2-1/2"]
[WhiteTitle "FM"]
[BlackTitle "IM"]
[WhiteElo "2422"]
[BlackElo "2475"]
[WhiteFideId "4183088"]
[BlackFideId "24104272"]
[EventDate "2012.01.28"]

1. e4 e5 2. Nf3 Nf6 3. Nxe5 d6 4. Nf3 Nxe4 5. Nc3 Nxc3 6. dxc3 Be7 7. Be3 O-O 8.
Qd2 Nd7 9. O-O-O Ne5 10. Be2 c6 11. h3 Qa5 12. Kb1 Be6 13. b3 Nxf3 14. Bxf3 Bf6
15. Bd4 Bxd4 16. cxd4 Qxd2 17. Rxd2 d5 18. Re1 Rfe8 19. Rde2 Kf8 20. Kc1 Bf5 21.
Rxe8+ Rxe8 22. Rxe8+ Kxe8 23. Kd2 g5 24. Bg4 Bg6 25. g3 Ke7 26. c3 Kd6 27. h4 h6
28. hxg5 hxg5 29. Be2 f6 30. Bd3 Bxd3 31. Kxd3 f5 32. f3 a5 33. g4 fxg4 34. fxg4
b5 35. b4 a4 36. a3 Ke6 37. Ke3 Kd6 38. Kd3 Ke6 39. Ke3 Kd6 40. Kd3 Ke6 1/2-1/2

[Event "85th ch-St Petersburg SF"]
[Site "St Petersburg RUS"]
[Date "2012.02.02"]
[Round "6.2"]
[White "Solovyov,V"]
[Black "Usmanov,V"]
[Result "0-1"]
[WhiteElo "2293"]
[BlackElo "2315"]
[WhiteFideId "4102754"]
[BlackFideId "4135741"]
[EventDate "2012.01.28"]

1. Nf3 g6 2. c4 Bg7 3. Nc3 d6 4. d4 Bg4 5. Bg5 c5 6. d5 Nf6 7. e4 O-O 8. Be2 Na6
9. O-O Nc7 10. a4 e6 11. h3 Bxf3 12. Bxf3 exd5 13. exd5 h6 14. Bf4 Re8 15. Qd2
Kh7 16. Rfe1 Rxe1+ 17. Rxe1 Qf8 18. Bd1 Re8 19. Bc2 Re7 20. Rxe7 Qxe7 21. Qe3
Qxe3 22. Bxe3 Nd7 23. Bd2 Ne5 24. b3 Nd7 25. g3 Bd4 26. Kg2 Kg7 27. f4 b6 28.
Ne4 Ne8 29. a5 Ndf6 30. Nc3 Nc7 31. Kf3 Kf8 32. g4 Ke7 33. Ne2 Bb2 34. f5 g5 35.
h4 Nh7 36. axb6 axb6 37. f6+ Nxf6 38. hxg5 hxg5 39. Bxg5 Be5 40. Ng3 Ne8 41. Bf5
Ng7 42. Ne4 Bd4 43. Bc8 Ne8 44. Bb7 Be5 45. Bc6 Kf8 46. Bh4 Nxe4 47. Kxe4 Nf6+
48. Kf5 Ke7 49. Bb7 Bd4 50. Bc8 Be5 51. Ba6 Bd4 52. Bb5 Be5 53. Bc6 Bd4 54. g5
Nh5 55. Kg4 Ng7 56. Bg3 Be5 57. Be1 f6 58. gxf6+ Bxf6 59. Bd2 Be5 60. Kg5 Kf7
61. Bd7 Ke7 62. Bg4 Ne8 63. Kg6 Nf6 64. Bg5 Bd4 65. Be6 Be5 66. Kf5 Bc3 67. Kf4
Bd2+ 68. Kf5 Bxg5 69. Kxg5 Ne4+ 70. Kf4 Nd2 71. Bc8 Nxb3 72. Ba6 Kf6 73. Bb5 Nc1
74. Ba6 Nd3+ 75. Ke4 Nb4 76. Bc8 Kg5 77. Bd7 Nc2 78. Bc8 Nd4 79. Bd7 Ne2 80. Bc8
b5 81. cxb5 Nc3+ 82. Kd3 Nxb5 83. Kc4 Nc7 84. Bd7 Kf4 85. Ba4 Ke5 86. Bc6 Na6
87. Ba8 Nb4 88. Bb7 Ke4 89. Bc6 Nc2 90. Kc3 Ne3 91. Bb7 Ke5 92. Kd3 Nxd5 93. Kc4
Nc7 94. Bc6 Ne6 95. Bb7 Nc7 96. Bc6 Ke6 97. Bb7 Kd7 98. Bg2 Kc8 99. Bc6 Kb8 100.
Bg2 Ka7 101. Bf3 Kb6 102. Be4 d5+ 0-1

[Event "85th ch-St Petersburg SF"]
[Site "St Petersburg RUS"]
[Date "2012.02.02"]
[Round "6.5"]
[White "Donskov,Ana"]
[Black "Levin,Ev"]
[Result "0-1"]
[WhiteTitle "FM"]
[BlackTitle "GM"]
[WhiteElo "2306"]
[BlackElo "2498"]
[WhiteFideId "24143413"]
[BlackFideId "4182596"]
[EventDate "2012.01.28"]

1. e4 e6 2. d4 d5 3. Nd2 c5 4. Ngf3 cxd4 5. exd5 Qxd5 6. Bc4 Qd8 7. O-O a6 8.
Nb3 Qc7 9. Qe2 Nc6 10. Nbxd4 Nxd4 11. Nxd4 Bd6 12. h3 Ne7 13. a4 O-O 14. a5 Bd7
15. b3 Ng6 16. Bd2 Ne5 17. Bd3 Nxd3 18. Qxd3 Rad8 19. Qc3 Qb8 20. Qb2 e5 21. Ne2
Bc5 22. Rad1 Bc6 23. Be3 Bxe3 24. fxe3 Qc7 25. Qc3 Qe7 26. Ng3 g6 27. Kh2 h5 28.
Rde1 h4 29. Ne2 Rc8 30. Qd2 Rfd8 31. Qc1 Qc5 32. e4 Bxe4 33. c4 Qe7 34. Nc3 Bc6
35. Qe3 Re8 36. Rf2 Kg7 37. Ref1 f5 38. b4 f4 39. Qb6 Qg5 40. Ne2 Qd8 41. Qa7
Qe7 42. Qb6 Be4 43. b5 Rxc4 44. bxa6 Rb4 45. Qa7 bxa6 46. Qxe7+ Rxe7 47. Rc1 Rb2
48. Kg1 0-1

[Event "85th ch-St Petersburg SF"]
[Site "St Petersburg RUS"]
[Date "2012.02.02"]
[Round "6.7"]
[White "Vunder,A"]
[Black "Shpartko,G"]
[Result "1/2-1/2"]
[WhiteElo "2271"]
[BlackElo "2129"]
[WhiteFideId "4128338"]
[BlackFideId "24122254"]
[EventDate "2012.01.28"]

1. d4 Nf6 2. Nf3 g6 3. Bg5 Ne4 4. Bh4 Bg7 5. Nbd2 d5 6. e3 O-O 7. c4 c6 8. Bd3
Nxd2 9. Qxd2 Bg4 10. Ne5 Be6 11. Qe2 Qa5+ 12. Qd2 Qxd2+ 13. Kxd2 g5 14. Bg3 Bxe5
15. dxe5 dxc4 16. Be2 Na6 17. h4 Rfd8+ 18. Kc3 Nc5 19. f3 Na4+ 20. Kc2 Nxb2 21.
hxg5 c3 22. Be1 Rd5 23. Rh4 b5 24. e4 Rc5 25. Bf2 Rxe5 26. Rah1 Rd8 27. Rxh7
Rd2+ 28. Kxc3 Rxe2 29. Rh8+ Kg7 30. R8h7+ Kg8 31. Rh8+ Kg7 32. R8h7+ Kg8 33.
Rh8+ Kg7 1/2-1/2

[Event "85th ch-St Petersburg SF"]
[Site "St Petersburg RUS"]
[Date "2012.02.02"]
[Round "6.8"]
[White "Duzhakov,I"]
[Black "Serov,M"]
[Result "1-0"]
[WhiteTitle "FM"]
[WhiteElo "2303"]
[BlackElo "2397"]
[WhiteFideId "4192516"]
[BlackFideId "4181905"]
[EventDate "2012.01.28"]

1. d4 g6 2. c4 f5 3. Nf3 Nf6 4. g3 Bg7 5. Bg2 d6 6. O-O O-O 7. b4 c6 8. Bb2 Na6
9. Qb3 Nc7 10. Nc3 Qe8 11. Rae1 h6 12. e4 fxe4 13. Nxe4 Nxe4 14. Rxe4 Bf5 15.
Re3 Qf7 16. Rfe1 Rae8 17. Nh4 Be6 18. Rf3 Bf6 19. Qc2 Kg7 20. Bf1 g5 21. Nf5+
Bxf5 22. Qxf5 e6 23. Qc2 d5 24. c5 Kh8 25. g4 Qg7 26. Qd2 Bd8 27. Ree3 Rf4 28.
h3 Ref8 29. Qd3 Bf6 30. Be2 Rxf3 31. Bxf3 Nb5 32. Rxe6 Bxd4 33. a4 Bxb2 34. axb5
Rf6 35. Re2 cxb5 36. Bxd5 Rf8 37. Kg2 Be5 38. Qe4 Bb8 39. Bxb7 Qf6 40. Qc6 Kg7
41. Qxb5 Qf4 42. Qd3 Be5 43. Qe3 Qxe3 44. fxe3 Rb8 45. c6 Rd8 46. Ra2 Bb8 47.
Kf3 Kf6 48. Ra5 Re8 49. Rd5 Re5 50. Rd8 Bc7 51. Rf8+ Kg7 52. Rc8 Bb6 53. e4 Re7
54. Ba6 Kf6 55. Bc4 Rc7 56. Rf8+ Kg7 57. Rg8+ Kh7 58. b5 a6 59. Re8 axb5 60.
Bxb5 Rf7+ 61. Ke2 Kg7 62. Bc4 1-0

[Event "85th ch-St Petersburg SF"]
[Site "St Petersburg RUS"]
[Date "2012.02.02"]
[Round "6.9"]
[White "Barhudarian,R"]
[Black "Panov,Ivan"]
[Result "1-0"]
[WhiteTitle "FM"]
[WhiteElo "2333"]
[BlackElo "2006"]
[WhiteFideId "4182685"]
[BlackFideId "24177750"]
[EventDate "2012.01.28"]

1. d4 d5 2. Nc3 Nf6 3. Bg5 Bf5 4. e3 e6 5. Bd3 Bxd3 6. Qxd3 Nbd7 7. Nf3 Be7 8.
O-O O-O 9. e4 dxe4 10. Nxe4 Nxe4 11. Bxe7 Qxe7 12. Qxe4 c6 13. a3 Rad8 14. Rad1
Nf6 15. Qh4 Rd7 16. Ne5 Rd6 17. Rd3 Nd5 18. Qg4 Nf6 19. Qg5 Nd5 20. Qd2 Rfd8 21.
c4 Nc7 22. Qa5 Na6 23. Rfd1 Qg5 24. Nxc6 Qxa5 25. Nxa5 Nc5 26. R3d2 b6 27. b4
Ne4 28. Nb7 Nxd2 29. Nxd6 Nb3 30. c5 1-0

[Event "85th ch-St Petersburg SF"]
[Site "St Petersburg RUS"]
[Date "2012.02.02"]
[Round "6.10"]
[White "Balaian,Ali"]
[Black "Belenkaya,D"]
[Result "1/2-1/2"]
[BlackTitle "WFM"]
[WhiteElo "2232"]
[BlackElo "2208"]
[WhiteFideId "24115347"]
[BlackFideId "24142654"]
[EventDate "2012.01.28"]

1. e4 e5 2. Nf3 Nf6 3. Nxe5 d6 4. Nf3 Nxe4 5. d4 d5 6. Bd3 Nc6 7. O-O Bg4 8. c4
Nf6 9. cxd5 Nxd5 10. Nc3 Be7 11. h3 Bh5 12. Re1 Bg6 13. Bb5 Nxc3 14. bxc3 O-O
15. Bxc6 bxc6 16. Ne5 Bd6 17. Nxc6 Qf6 18. Qa4 Bf5 19. Ne5 Rfe8 20. f4 Bxe5 21.
fxe5 Qh4 22. Re3 Re6 23. Qd1 Be4 24. Qe1 Qxe1+ 25. Rxe1 Bd5 26. a4 Rb8 27. Bf4
Rb2 28. Reb1 Rxg2+ 29. Kf1 g5 30. c4 Be4 31. Rb8+ Kg7 32. Re1 Bf3 33. Re3 gxf4
34. Rxf3 Rc2 35. Rxf4 Rxc4 36. a5 Ra6 37. Rg4+ Rg6 38. Re4 c5 39. Rd8 cxd4 40.
Rexd4 Rc5 41. R4d5 Rc2 42. Rd2 Rc5 43. R8d5 1/2-1/2

[Event "85th ch-St Petersburg SF"]
[Site "St Petersburg RUS"]
[Date "2012.02.02"]
[Round "6.11"]
[White "Dubovsky,A"]
[Black "Monin,N"]
[Result "0-1"]
[BlackTitle "IM"]
[WhiteElo "1976"]
[BlackElo "2360"]
[WhiteFideId "4168747"]
[BlackFideId "4104013"]
[EventDate "2012.01.28"]

1. e4 e6 2. d4 d5 3. e5 c5 4. c3 Nc6 5. Nf3 Qb6 6. Bd3 cxd4 7. cxd4 Bd7 8. O-O
Nxd4 9. Nxd4 Qxd4 10. Nc3 a6 11. Qe2 Ne7 12. Kh1 Nc6 13. f4 Nb4 14. Rd1 Bc5 15.
Bxa6 Qf2 16. Qxf2 Bxf2 17. Bb5 Bxb5 18. Nxb5 Rxa2 19. Rxa2 Nxa2 20. Bd2 Kd7 21.
Ra1 Rc8 22. Na3 Bc5 23. Rxa2 Bb4 24. Be3 d4 25. Bg1 Rc1 26. b3 d3 27. Nc4 Bc5
28. h4 Bxg1 29. Ra4 b5 0-1

[Event "85th ch-St Petersburg SF"]
[Site "St Petersburg RUS"]
[Date "2012.02.02"]
[Round "6.12"]
[White "Pershin,Denis"]
[Black "Vorobjev,D"]
[Result "1/2-1/2"]
[WhiteElo "2096"]
[BlackElo "2223"]
[WhiteFideId "24165506"]
[BlackFideId "24112178"]
[EventDate "2012.01.28"]

1. e4 c5 2. Nf3 d6 3. d4 Nf6 4. Nc3 cxd4 5. Nxd4 g6 6. Be3 Bg7 7. f3 Nc6 8. Qd2
O-O 9. O-O-O d5 10. Kb1 Nxd4 11. e5 Nf5 12. exf6 exf6 13. Nxd5 Nxe3 14. Qxe3 Be6
15. Bc4 f5 16. Qa3 Qh4 17. Qb4 Bxd5 18. Rxd5 Rac8 19. Rc5 Qd4 20. Rxc8 Rxc8 21.
Bxf7+ Kh8 22. Qxd4 Bxd4 23. Re1 Rd8 24. c4 b6 25. Kc2 Bf6 26. b4 Kg7 27. Be8 Kf8
28. Bc6 Be7 29. b5 Rd4 30. Bd5 Bb4 31. Re2 Be7 32. Kc3 Bf6 33. Re6 Bg7 34. Kc2
Bh6 35. Kc3 Bg7 36. Kc2 Bh6 37. Re2 Bg7 38. g3 Bf6 39. Re6 Bg5 40. f4 Be7 41.
Kc3 Rd1 42. Rc6 Rc1+ 43. Kb3 Ke8 44. Bg8 Kf8 45. Bxh7 Kg7 46. Bxg6 Bf6 47. Bxf5
Rc3+ 48. Kb4 Re3 49. c5 Be7 50. Kc4 Bxc5 51. Re6 Rxe6 52. Bxe6 Bg1 53. g4 Bxh2
54. f5 Kf6 55. Kd5 Bf4 56. Kc6 Bd2 57. Bc4 Bc1 58. Kb7 Bd2 59. Kxa7 Ba5 60. Kb7
Kg5 61. Be2 Kf6 62. Kc6 Kg5 63. Kd7 Kf6 64. Kd6 Bb4+ 65. Kd5 Bd2 66. a3 Ba5 67.
Ke4 Bc3 68. Bf3 Bb2 69. a4 Bc3 70. Kd5 Ba5 71. Be4 Bb4 72. g5+ Kxg5 73. Ke6 Bc3
74. Bd5 Bd4 75. Bb3 Bc3 76. Bc2 Bd4 77. Bb1 Bc3 78. Ba2 Bd4 79. Bd5 Bc3 80. Bc6
Bd4 81. Bd7 Bc3 82. Be8 Bd4 83. Bc6 Bc3 84. Bg2 Bd4 85. Bb7 Bc3 86. Bc8 Bd4 87.
Kf7 Bc3 88. Ke6 Bd4 89. Bb7 Bc3 90. Be4 Bd4 91. Bc2 Bc3 92. Ke7 Bf6+ 93. Kd6 Bc3
94. Ke6 Bd4 95. Be4 Bc3 96. Bd3 Bd4 97. Bc2 Bc3 98. a5 Bxa5 99. f6 Bc3 100. f7
Bb4 101. Bd3 Bc5 102. Bh7 Kh6 103. f8=Q+ Bxf8 1/2-1/2

[Event "85th ch-St Petersburg SF"]
[Site "St Petersburg RUS"]
[Date "2012.02.02"]
[Round "6.13"]
[White "Saveliev,Alexei"]
[Black "Kitsis,A"]
[Result "0-1"]
[WhiteElo "2074"]
[BlackElo "2195"]
[WhiteFideId "24128546"]
[BlackFideId "4184025"]
[EventDate "2012.01.28"]

1. e4 e6 2. d4 d5 3. Nd2 c5 4. exd5 Qxd5 5. dxc5 Bxc5 6. Ngf3 Nf6 7. Bc4 Qc6 8.
Qe2 Nbd7 9. O-O O-O 10. Nb3 Bb6 11. Bg5 h6 12. Bh4 Nd5 13. Bg3 Bc7 14. Bb5 Qb6
15. c4 N5f6 16. c5 Nxc5 17. Bxc7 Qxc7 18. Rac1 b6 19. Nxc5 bxc5 20. b4 a6 21.
Rxc5 Qb6 22. Bc6 Rb8 23. a3 a5 24. Rb5 Qa6 25. Nd4 Rxb5 26. Qxb5 axb4 27. axb4
Qxb5 28. Bxb5 Nd5 29. Rb1 Rd8 30. Nc6 Rd6 31. Rd1 Kf8 32. Ba4 Bd7 33. b5 Ke8 34.
Ne5 Rb6 35. Nc4 Rb8 36. Rd3 Ke7 37. g3 Nb6 38. Nxb6 Rxb6 39. h4 Rb7 40. Rb3 Kd6
41. Rf3 f6 42. Rd3+ Kc5 43. Kg2 e5 44. Bd1 Bxb5 45. Rd8 Bc6+ 46. Kh3 Rd7 47.
Rxd7 Bxd7+ 48. Kg2 Kd4 49. Bc2 e4 50. Kf1 Bb5+ 51. Ke1 e3 52. f3 Bd3 53. Ba4 f5
54. Bc6 Ke5 55. f4+ Kd4 56. Bf3 Be4 57. Bh5 Bg2 58. Be8 Bh3 59. Bc6 Bg4 60. Bb5
e2 61. Kd2 e1=Q+ 62. Kxe1 Ke3 63. Bc6 Bf3 64. Be8 Be4 65. Bh5 Bg2 66. Bd1 Bh3
67. Bc2 Kf3 68. Kd2 Kxg3 69. Ke3 Kxh4 70. Kf3 g5 71. fxg5 hxg5 72. Bd3 Bg4+ 73.
Kg2 f4 74. Bg6 Be6 75. Be4 g4 76. Bc6 Kg5 77. Be4 Kf6 78. Bc6 Ke5 79. Kf2 Bd5
80. Bb5 Kd4 81. Bd7 g3+ 82. Ke2 f3+ 83. Kf1 Bc4+ 0-1

[Event "85th ch-St Petersburg SF"]
[Site "St Petersburg RUS"]
[Date "2012.02.02"]
[Round "6.14"]
[White "Skvortsov,Alexander"]
[Black "Ivanov,Mir"]
[Result "1-0"]
[WhiteElo "2169"]
[BlackElo "2070"]
[WhiteFideId "24170038"]
[BlackFideId "4140273"]
[EventDate "2012.01.28"]

1. e4 c5 2. Nf3 Nc6 3. Bb5 Nd4 4. Nxd4 cxd4 5. O-O e6 6. d3 Qa5 7. Bc4 Nf6 8.
Nd2 b5 9. Bb3 d6 10. f4 Nd7 11. Nf3 Qb6 12. a4 bxa4 13. Bxa4 Be7 14. f5 e5 15.
Nd2 O-O 16. Bxd7 Bxd7 17. Nc4 Qc7 18. Qg4 Rfc8 19. Rf3 Qd8 20. Rh3 g6 21. Ra6
Kh8 22. Nxd6 Bxd6 23. Rxd6 Rxc2 24. Rxh7+ Kxh7 25. fxg6+ Kg7 26. Bh6+ Kh8 27.
Rxd7 Qf6 28. Rxf7 1-0

[Event "85th ch-St Petersburg SF"]
[Site "St Petersburg RUS"]
[Date "2012.02.02"]
[Round "6.15"]
[White "Vlasov,Eg"]
[Black "Gorbatenko,A"]
[Result "1-0"]
[WhiteElo "2287"]
[BlackElo "2082"]
[WhiteFideId "4146360"]
[BlackFideId "4145976"]
[EventDate "2012.01.28"]

1. e4 c5 2. Nf3 Nc6 3. d4 cxd4 4. Nxd4 g6 5. c4 Bg7 6. Be3 Nf6 7. Nc3 Ng4 8.
Qxg4 Nxd4 9. Qd1 e5 10. Bd3 O-O 11. O-O d6 12. Qd2 Be6 13. Bxd4 exd4 14. Ne2 a6
15. b3 b5 16. cxb5 axb5 17. Bxb5 d3 18. Qxd3 Bxa1 19. Rxa1 Ra3 20. Ba4 Qa5 21.
Qc3 Rxa4 22. bxa4 Qxa4 23. Nd4 Rc8 24. Qd2 Bxa2 25. h3 Rc4 26. Nf5 Rc2 27. Qg5
f6 28. Qg4 Qa3 29. Ne7+ Kg7 30. Qd7 Rc1+ 31. Kh2 Kf8 32. Nd5 1-0

[Event "85th ch-St Petersburg SF"]
[Site "St Petersburg RUS"]
[Date "2012.02.02"]
[Round "6.16"]
[White "Gorjunov,S2"]
[Black "Korennoi,V"]
[Result "0-1"]
[WhiteElo "2088"]
[BlackElo "2251"]
[WhiteFideId "4166590"]
[BlackFideId "24110140"]
[EventDate "2012.01.28"]

1. c4 Nf6 2. Nc3 e6 3. e4 d5 4. e5 Ne4 5. Nxe4 dxe4 6. Qg4 Na6 7. Qxe4 Bd7 8. d4
Bc6 9. Qe3 Nb4 10. Kd2 Qh4 11. a3 Rd8 12. Kc3 Na6 13. Ne2 b5 14. cxb5 Bxb5 15.
Qf4 Qe7 16. Be3 Qd7 17. Rc1 c5 18. Kd2 Be7 19. Ke1 Nc7 20. Qg4 g6 21. Rd1 Nd5
22. Nc3 Bxf1 23. Kxf1 Qb7 24. Qe2 Nxe3+ 25. fxe3 O-O 26. Kg1 f6 27. exf6 Rxf6
28. h4 Rdf8 29. Rd2 Bd6 30. Rh3 Kg7 31. h5 gxh5 32. d5 exd5 33. Nxd5 Rf5 34. e4
Re5 35. Rxh5 Kh8 36. Nc3 Qf7 37. Rh3 Qg6 38. Rf3 Rg8 39. Qd3 Bb8 40. Rf5 Qh6 41.
Nd1 Rxf5 42. exf5 Be5 43. Ne3 Bd4 44. Re2 Re8 0-1

[Event "85th ch-St Petersburg SF"]
[Site "St Petersburg RUS"]
[Date "2012.02.03"]
[Round "7.1"]
[White "Levin,Ev"]
[Black "Alekseenko,K"]
[Result "1-0"]
[WhiteTitle "GM"]
[BlackTitle "FM"]
[WhiteElo "2498"]
[BlackElo "2376"]
[WhiteFideId "4182596"]
[BlackFideId "4135539"]
[EventDate "2012.01.28"]

1. d4 d5 2. c4 dxc4 3. e3 e5 4. Bxc4 Nc6 5. Nf3 e4 6. Nfd2 Qg5 7. Bf1 Nf6 8. Nc3
Bb4 9. a3 Bxc3 10. bxc3 O-O 11. Bb2 Re8 12. h3 Ne7 13. c4 Nf5 14. Qb3 b5 15.
Qxb5 Bd7 16. Qc5 Qh4 17. d5 Ba4 18. g3 Qh6 19. Be2 Rab8 20. Bc3 Rb7 21. Rb1
Rxb1+ 22. Nxb1 Bc2 23. Nd2 Bd3 24. Bxf6 Qxf6 25. Bxd3 exd3 26. O-O Qe5 27. Kg2
Qb2 28. Qa5 h5 29. Rb1 Qe5 30. Qxa7 Qc3 31. Nf1 Qxc4 32. Qa5 Qc2 33. Nd2 h4 34.
g4 Nd6 35. Qb4 c5 36. dxc6 Qxc6+ 37. Kg1 Ne4 38. Nxe4 Rxe4 39. Qd2 Qg6 40. Rd1
f5 41. f3 fxg4 42. fxe4 gxh3+ 43. Kf1 Qf6+ 44. Qf2 h2 45. Kg2 h3+ 46. Kg3 Qe5+
47. Qf4 Qh5 48. Qg4 Qe5+ 49. Kxh3 1-0

[Event "85th ch-St Petersburg SF"]
[Site "St Petersburg RUS"]
[Date "2012.02.03"]
[Round "7.2"]
[White "Rozum,I"]
[Black "Usmanov,V"]
[Result "1-0"]
[WhiteTitle "IM"]
[WhiteElo "2475"]
[BlackElo "2315"]
[WhiteFideId "24104272"]
[BlackFideId "4135741"]
[EventDate "2012.01.28"]

1. d4 d5 2. c4 e6 3. Nc3 Be7 4. cxd5 exd5 5. Bf4 c6 6. Qc2 Bd6 7. Bxd6 Qxd6 8.
e3 Ne7 9. Bd3 g6 10. f3 Bf5 11. e4 Be6 12. e5 Qb4 13. Ne2 Bf5 14. O-O Na6 15. a3
Qb6 16. Rad1 Nc7 17. Na4 Qb5 18. Nc5 Ne6 19. Nxe6 fxe6 20. Nf4 Kd7 21. Qc3 Bxd3
22. Nxd3 b6 23. b3 a5 24. a4 Qa6 25. Rf2 Qa7 26. Rc2 Qc7 27. Nf2 h5 28. Qd2 Rhf8
29. Nh3 Nf5 30. Ng5 Qd8 31. Nh7 Rf7 32. Nf6+ Rxf6 33. exf6 Qxf6 34. Qd3 Rc8 35.
Re2 h4 36. Qd2 h3 37. g3 c5 38. dxc5 Rxc5 39. b4 Rc4 40. bxa5 Nd4 41. Qd3 bxa5
42. Rf2 e5 43. Qf1 Qf5 44. g4 Qg5 45. Qxh3 Kd6 46. Qf1 Qe3 47. Kh1 g5 48. Kg2
Kc5 49. Re1 Qc3 50. Rxe5 Nxf3 51. Re8 Ne5 52. Qb1 Rxg4+ 53. Kh1 Rb4 54. Qg1 Qd4
55. Rc2+ Kd6 56. Rd8+ Ke6 57. Re8+ Kd6 58. Rd8+ Ke6 59. Qxd4 Rxd4 60. Re2 Re4
61. Rxe4 dxe4 62. Rd4 Kf5 63. Rd5 e3 64. Kg2 Ke4 65. Rxa5 Nd3 66. Kf1 Kf3 67.
Rf5+ Nf4 68. a5 e2+ 69. Ke1 Ke3 70. Re5+ Kf3 71. Rxe2 Nxe2 72. a6 Nf4 73. a7 Kg2
74. a8=Q+ Kxh2 75. Qf3 Nh3 76. Kf1 Nf4 77. Qg4 1-0